Medical microbiology / (Record no. 165804)
[ view plain ]
| 000 -LEADER | |
|---|---|
| fixed length control field | 04214nam a22003614a 4500 |
| 008 - FIXED-LENGTH DATA ELEMENTS--GENERAL INFORMATION | |
| fixed length control field | |
| 020 ## - INTERNATIONAL STANDARD BOOK NUMBER | |
| International Standard Book Number | 0323012132 (paperback) |
| 040 ## - CATALOGING SOURCE | |
| Original cataloging agency | NUST |
| Transcribing agency | NUST |
| 049 ## - LOCAL HOLDINGS (OCLC) | |
| Holding library | MAIN |
| 090 00 - LOCALLY ASSIGNED LC-TYPE CALL NUMBER (OCLC); LOCAL CALL NUMBER (RLIN) | |
| Classification number (OCLC) (R) ; Classification number, CALL (RLIN) (NR) | QR46.M4683 MED |
| 003 - CONTROL NUMBER IDENTIFIER | |
| control field | |
| 005 - DATE AND TIME OF LATEST TRANSACTION | |
| control field | 20230123134429.0 |
| 245 00 - TITLE STATEMENT | |
| Title | Medical microbiology / |
| Statement of responsibility, etc. | Patrick R. Murray ; Ken S Rosenthal ; George S Kobayashi & Michael A Pfaller. |
| 250 ## - EDITION STATEMENT | |
| Edition statement | Fourth edition |
| 260 ## - PUBLICATION, DISTRIBUTION, ETC. | |
| Place of publication, distribution, etc. | St. Louis : |
| Name of publisher, distributor, etc. | Mosby, |
| Date of publication, distribution, etc. | c2002 |
| 300 ## - PHYSICAL DESCRIPTION | |
| Extent | x, 826 pages : |
| Other physical details | illustrations (some colour) ; |
| Dimensions | 28 cm. |
| 336 ## - CONTENT TYPE | |
| Content type term | text |
| Content type code | txt |
| Source | rdacontent |
| 337 ## - MEDIA TYPE | |
| Media type term | unmediated |
| Media type code | n |
| Source | rdamedia |
| 338 ## - CARRIER TYPE | |
| Carrier type term | volume |
| Carrier type code | nc |
| Source | rdacarrier |
| 500 ## - GENERAL NOTE | |
| General note | Includes index. |
| 504 ## - BIBLIOGRAPHY, ETC. NOTE | |
| Bibliography, etc. note | Includes bibliographical references. |
| 505 0# - FORMATTED CONTENTS NOTE | |
| Formatted contents note | 1. Introduction to medical microbiology -- Sect. I. Basic principles of medical microbiology -- 2. Bacterial classification -- 3. Bacterial morphology and cell wall structure and synthesis -- 4. Bacterial metabolism and growth -- 5. Bacterial genetics -- 6. Viral classification, structure, and replication -- 7. Fungal classification, structure, and replication -- 8. Parasitic classification, structure, and replication -- 9. Commensal and pathogenic microbial flora in humans -- 10. Sterilization, disinfection, and antisepsis -- Sect. II. Basic concepts in the immune response -- 11. Elements of host protective responses -- 12. The humoral immune response -- 13. Cellular immune responses -- 14. Immune responses to infectious agents -- 15. Antimicrobial vaccines -- Sect. III. General principles of laboratory diagnosis -- 16. Microscopic principles and applications -- 17. Molecular diagnosis -- 18. Serologic diagnosis -- Sect. IV. Bacteriology -- 19. Mechanisms of bacterial pathogenesis -- 20. Antibacterial agents -- 21. Laboratory diagnosis of bacterial diseases -- 22. Staphylococcus and related organisms -- 23. Streptococcus -- 24. Enterococcus and other gram-positive cocci - 25. Bacillus -- 26. Listeria and Erysipelothrix -- 27. Corynebacterium and other gram-positive bacilli -- 28. Neisseria -- 29. Enterobacteriaceae -- 30. Vibrio, Aeromonas, and Plesimonas -- 31. Campylobacter and Heliobacter -- 32. Pseudomonas and related organisms -- 33. Bordetella, Francisella, and Brucella -- 34. Pasteurellaceae -- 35. Miscellaneous gram-negative bacilli -- 36. Anaerobic gram-positive cocci and none-spore forming bacilli -- 37. Clostridium -- 38. Anaerobic gram-negative bacilli -- 39. Nocardia, Rhodococcus, and related Actinomycetes -- 40. Mycobacterium -- 41. Treponema, Borrelia, and Leptospira -- 42. Mycoplasma and Ureaplasma -- 43. Rickettsia, Orientia, Ehrlichia, and Coxiella -- 44. Chlamydiaceae -- 45. Role of bacteria in disease -- Sect. V. Virology -- 46. Mechanisms of viral pathogenesis -- 47. Antiviral agents -- 48. Laboratory diagnosis of viral diseases -- 49. Papovaviruses -- 50. Adenoviruses -- 51. Human herpesviruses -- 52. Poxviruses -- 53. Parvoviruses -- 54. Picornaviruses -- 55. Paramyxoviruses -- 56. Orthomyxoviruses -- 57. Reoviruses -- 58. Rhabdoviruses -- 59. Togaviruses and flaviviruses -- 60. Bunyaviridae -- 61. Retroviruses -- 62. Hepatitis viruses -- 63. Unconventional slow viruses: prions -- 64. Miscellaneous viruses -- 65. Role of viruses in disease -- Sect. VI. Mycology -- 66. Mechanisms of fungal pathogenesis -- 67. Antifungal agents -- 68. Laboratory diagnosis of fungal diseases -- 69. Superficial, cutaneous, and subcutaneous mycoses -- 70. Systemic mycoses -- 71. Opportunistic mycoses -- Sect. VII. Parasitology -- 72. Pathogenesis of parasitic disease -- 73. Antiparasitic agents -- 74. Laboratory diagnosis of parasitic disease -- 75. Intestinal and urogenital protozoa -- 76. Blood and tissue protozoa -- 77. Nematodes -- 78. Trematodes -- 79. Cestodes -- 80. Arthropods -- Index. |
| 650 #0 - SUBJECT ADDED ENTRY--TOPICAL TERM | |
| Topical term or geographic name entry element | Medical microbiology. |
| 650 12 - SUBJECT ADDED ENTRY--TOPICAL TERM | |
| Topical term or geographic name entry element | Microbiology. |
| 650 22 - SUBJECT ADDED ENTRY--TOPICAL TERM | |
| Topical term or geographic name entry element | Microbiological Techniques. |
| 650 22 - SUBJECT ADDED ENTRY--TOPICAL TERM | |
| Topical term or geographic name entry element | Parasitology. |
| 700 1# - ADDED ENTRY--PERSONAL NAME | |
| Personal name | Murray, Patrick R., |
| -- | author. |
| 700 ## - ADDED ENTRY--PERSONAL NAME | |
| Personal name | Rosenthal, Ken S., |
| -- | author. |
| 700 ## - ADDED ENTRY--PERSONAL NAME | |
| Personal name | Kobayashi, George S., |
| -- | author. |
| 700 ## - ADDED ENTRY--PERSONAL NAME | |
| Personal name | Pfaller, Michael A., |
| -- | author. |
| 907 ## - LOCAL DATA ELEMENT G, LDG (RLIN) | |
| a | .b10240366 |
| b | 22-10-21 |
| c | 24-04-07 |
| 942 ## - ADDED ENTRY ELEMENTS (KOHA) | |
| Koha item type | Ordinary Loan Books |
| Call number prefix | QR46.M4683 MED |
| Date last seen | Total Checkouts | Full call number | Barcode | Cost, replacement price | Price effective from | Koha item type | Lost status | Source of classification or shelving scheme | Damaged status | Not for loan | Collection | Withdrawn status | Home library | Current library | Shelving location | Date acquired | Cost, normal purchase price |
|---|---|---|---|---|---|---|---|---|---|---|---|---|---|---|---|---|---|
| 01/23/2023 | 41 | QR46.M4683 MED | 92004006541 | 80.00 | 01/23/2023 | BOOKS | lcc | NFIC | MAIN | MAIN | GEN | 01/23/2023 | 80.00 |